000 01416nam a2200361 ia4500
005 20260329154603.0
008 260329t20252025my a jr6 000 1 may d
020 _a9786294930988
_cRM16.00
_qpaperback
040 _aPPAK
_beng
_cPPAK
_erda
082 0 4 _a741.5
_223
090 0 0 _a741.5
_bINO
_dK
245 0 0 _aINOVASI PERTANIAN :
_bKEBANGKITAN AGROBOTS /
_cEditor: Allif Som ; Pelukis: Loafykaya, Yasmin, Fuhaili, Nurin, Ikhwan
246 3 4 _aProjek inovasi x :
_bKembara autovasi
264 1 _aBatu Caves, Selangor :
_bPTS PUBLISHING HOUSE SENDIRIAN BERHAD,
_c2025
264 4 _c©2025
300 _a120 pages :
_bcolour illustrations ;
_c21 cm
336 _atext
_2rdacontent
337 _aunmediated
_2rdamedia
338 _avolume
_2rdacarrier
490 1 _aSIRI KOMIK INOVASI
650 1 0 _aComic books, strips, etc.
650 2 0 _aTechnological innovations
_vComic books, strips, etc.
_vJuvenile literature.
650 2 0 _aInventions
_vComic books, strips, etc.
_vJuvenile literature.
650 2 0 _aAgricultural innovations
_vComic books, strips, etc.
_vJuvenile literature.
700 0 _aAllif Som,
_q(Muhammad Allif Mohd Som),
_eeditor.
700 0 _aLoafykaya,
_eillustrator.
700 0 _aYasmin,
_eillustrator.
700 0 _aFuhaili,
_eillustrator.
700 0 _aNurin,
_eillustrator.
700 0 _aIkhwan,
_eillustrator.
830 0 _aSiri komik inovasi
942 _2ddc
_cB
999 _c203552
_d203552